00603nam a2200181Ia 4500008004100000020001500041041001200056082001600068100001700084245007000101260002500171300000800196650000800204700001600212942000700228999001500235952017100250221030s9999 xx 000 0 und d a0074633503 aEnglish a105.23bRan aC. S. Rangan 0aInstrumentation Devices and Systemscby C. S. Rangan, G. R. Sarma bTMHaNew Delhic1998 a549 aECE aG. R. Sarma cBK c4777d4777 pBE 962g165.00l0o105.23 Ranr2024-06-13 00:00:00w2022-10-30yBK003Print4070aMIETLIBbMIETLIBcBL-Academic Block- A, FL-1, CUP-13, SH-1, R-1d2000-02-0510HBE